00234nam a2200061Ia 4500245008000000100005100080008004100131 0aCooking the diabetic way : the high-fibre recipe book for the whole family  a LATEGAN, Hilda A. Cape Town, 2001 2nd ed 210817s9999 xx 000 0 und d